| 000 | 01769nam a2200253Ia 4500 | ||
|---|---|---|---|
| 008 | 260220t1984||||xx |||||||||||||| ||spa|| | ||
| 020 | _a8434580942 | ||
| 040 |
_aPY-SlUNAC _bspa _erda |
||
| 041 | _aspa | ||
| 082 |
_a611 _bP654m |
||
| 100 |
_aPinillos, José Luis _eAutor |
||
| 245 | 0 |
_aLa mente humana / _cpor José Luis Pinillos [Autor] |
|
| 264 |
_aBarcelona : _bSalvat editores, _c℗1984. |
||
| 300 | _a1 volumen | ||
| 520 | _aEn "La mente humana", José Luis Pinillos explora las complejidades de la psicología y la neurociencia, ofreciendo un análisis profundo sobre el funcionamiento del cerebro y la psicología humana. El autor aborda temas como la percepción, la memoria, el aprendizaje y las emociones, integrando enfoques psicológicos clásicos y contemporáneos. A través de una prosa accesible, Pinillos examina cómo las estructuras cerebrales influyen en el comportamiento y las relaciones interpersonales, así como en la formación de la identidad. También considera el impacto de factores sociales y culturales en la mente, lo que permite una comprensión integral de la psicología humana. El libro no solo se centra en teorías psicológicas, sino que también presenta aplicaciones prácticas en la vida cotidiana, resaltando la importancia de la salud mental. En conjunto, "La mente humana" se erige como una obra fundamental para estudiantes y profesionales de la psicología, así como para cualquier lector interesado en desentrañar los misterios de la mente. | ||
| 653 | _aCiencia cognitiva | ||
| 653 | _aComportamiento humano | ||
| 653 | _aPsicología | ||
| 942 |
_b2026/02/17 _cBK |
||
| 999 |
_c8412 _d8412 |
||